01384cam a22004094i 4500003000900000005001700009008004100026020001500067020001800082035002000100040003300120082001900153040001300172245011400185264005400299300003900353336002100392337002500413338002300438504003400461504002900495505020300524526001000727526001000737526001000747526001000757526000800767526000800775526000800783526000800791526000800799526000800807526000800815600003000823630007500853650004600928PE-LiUPU20250731172908.0170313s r 000 0 spa d a1107073790 a9781107073791 a(Sirsi) a167241 aPE-LiUPUbspacPE-LiUPUerda04a227.066P2223 aPE-LiUPU aPaul and ancient rhetoric :btheory and practice in the hellenistic context /cStanley E. Porter [edited by]. 1aCambridge :b Cambridge University Press,c 2016. axviii, 330 pages ;c24 centimeters atext2rdacontent aunmediated2rdamedia avolume2rdacarrier aBibliograpy : pages 285- 313. aindex : pages 325 - 330.0 aHistory of scholarship and key issues -- Paul, his education, and first-century culture -- Issues in the use of ancient rhetoric in analyzing paul's letters -- Paul and ancient rhetoric in practice. aSEG42 aSEG41 aSEG40 aSEG39 aP94 aP87 aP86 aP85 aP77 aP76 aP3504aPablo,cSanto,sApóstol0 aBiblia.pN.T.pEpístolas de PabloxCrítica, interpretación, etc.04aRetórica AntiguaxHistoria y crítica.